Linn's stamp identifier (Record no. 2073)

000 -LEADER
fixed length control field 00783nam a22001097a 4500
008 - FIXED-LENGTH DATA ELEMENTS--GENERAL INFORMATION
fixed length control field 161024b xxu||||| |||| 00| 0 eng d
100 ## - MAIN ENTRY--AUTHOR'S NAME
Author's Name O'Keefe, Donna
245 ## - TITLE STATEMENT
Title Linn's stamp identifier
Remainder of title Revised and Expanded
260 ## - PUBLICATION, DISTRIBUTION, ETC. (IMPRINT)
Place of publication, distribution, etc. Sidney, OH
Name of publisher, distributor, etc. Linn's stamp identifier
Date of publication, distribution, etc. 2004
650 ## - TOPICAL TERM (Tag)
Topical term or geographic name Collecting -- Identification -- Stamp Finders | Collecting -- Guides and Handbooks | Designs -- Inscriptions and Lettering | Overprints and Surcharges | Provisionals and Forerunners | Occupation Issues | Locals and Private Posts | Revenues | Postal Tax Issues | Telegraph Issues | Bogus Issues | Unissued Issues | Seals and Labels | Cinderella Material | Nondenominated Stamps | Postal Stationery | Embossed Issues | Essays and Proofs | Specimens | Translation Guides and Services
700 ## - SECONDARY AUTHOR, EDITOR OR ILLUSTRATOR
Personal Name Miller, Rick
Holdings
Withdrawn status Lost status Source of classification or shelving scheme Damaged status Koha normalized classification for sorting Not for loan Permanent Location Current Location Date acquired Total Checkouts Full call number Barcode Date last seen Copy number Price effective from Koha item type Public note
        G3200 A11 L758   Northern Philatelic Library Northern Philatelic Library 10/24/2016   G3200 A11 L758 1000286 04/15/2017 1 10/24/2016 Books 2004 edition
        G3200 A11 L758   Northern Philatelic Library Northern Philatelic Library 05/22/2017   G3200 A11 L758 1000285 05/22/2017   05/22/2017 Books 1993 edition

Powered by Koha